Analýza vývoja národného hospodárstva a použitie plánovania v Sýrii na príklade spolupráce v ČSSR

Salvato in:
Dettagli Bibliografici
Autore principale: Zardi, Dia Eldin
Ente Autore: Vysoká škola ekonomická v Bratislave. Národohospodárska fakulta
Altri autori: Vincúr, Pavol
Natura: Libro
Lingua:slovacco
Pubblicazione: Bratislava 1984
Tags: Aggiungi Tag
Nessun Tag, puoi essere il primo ad aggiungerne!!

MARC

LEADER 00000nam a2200000 4500
001 c037625
005 20230116094944.8
041 0 |a slo 
044 |a SK 
245 1 0 |a Analýza vývoja národného hospodárstva a použitie plánovania v Sýrii  |b na príklade spolupráce v ČSSR  |c Dia Eldin Zardi ; Ved. práce Pavol Vincúr 
264 1 |a Bratislava  |c 1984 
300 |a 158 s. 
100 1 |a Zardi, Dia Eldin 
700 1 |a Vincúr, Pavol 
710 2 |a Vysoká škola ekonomická v Bratislave. Národohospodárska fakulta